00626nam a2200181Ii 45000010005000000030009000050080041000140400033000550410008000880820020000961000028001162450071001442640136002153000012003513360026003633370028003893380027004178885CO-ViMGA241108s9999||||xx |||||||||||||| ||und|| aCO-ViMGAbspaerdacCO-ViMGA0 aunk04a344.01861-R696e1 aFabio Rodríguez Villa10aElementos de derecho laboral :bsu estudio en el movimiento obrero 1a[Lugar de publicación no identificado] : Centro de estudios de investigaciones Sociales, [Fecha de publicación no identificada] avolumen atextbtxt2rdacontent aunmediatedbn2rdamedia avolumebnc2rdacarrier